| 000 | 00464cam a2200169ua 4500 | ||
|---|---|---|---|
| 001 | 5853 | ||
| 008 | 131024n ii |||gr||||Z||||||eng | ||
| 040 | _cMAIN | ||
| 082 | _a954 | ||
| 245 | 1 | 1 |
_aMedieval Indian History and Culture _cBy Khaliq Ahmed Nizami |
| 260 |
_aAllahabad: _bKitab Mahal Private Ltd., _c1966. |
||
| 300 | _ax,122p. | ||
| 653 | _aHistory | ||
| 653 | _aMedieval Indian History and Culture | ||
| 700 | 1 |
_aNizami,Khaliq Ahmed, _eAuthor. |
|
| 942 | _cBK | ||
| 999 |
_c5007 _d5007 |
||